Statistics for County Seats Of Alabama

Click here to take the quiz!

General Stats

  • This quiz has been taken 32 times
  • The average score is 41 of 67

Answer Stats

CountySeat% Correct
JeffersonBirmingham
100%
MadisonHuntsville
100%
__________Montgomery
100%
__________Tuscaloosa
92%
LauderdaleFlorence
85%
EtowahGadsden
85%
______Mobile
85%
_________Talladega
85%
HoustonDothan
77%
AutaugaPrattville
77%
DallasSelma
77%
LimestoneAthens
69%
MorganDecatur
69%
RussellPhenix City
69%
CovingtonAndalusia
62%
CalhounAnniston
62%
EscambiaBrewton
62%
_______Cullman
62%
WinstonDouble Springs
62%
CoffeeElba & Enterprise
62%
DeKalbFort Payne
62%
WalkerJasper
62%
SumterLivingston
62%
LawrenceMoulton
62%
LeeOpelika
62%
DaleOzark
62%
PikeTroy
62%
ColbertTuscumbia
62%
ClayAshland
54%
St. ClairAshville & Pell City
54%
BaldwinBay Minette
54%
ChoctawButler
54%
PickensCarrollton
54%
CherokeeCentre
54%
BibbCentreville
54%
ChiltonClanton
54%
ShelbyColumbiana
54%
TallapoosaDadeville
54%
ConecuhEvergreen
54%
_______Fayette
54%
HaleGreensboro
54%
ButlerGreenville
54%
ClarkeGrove Hill
54%
MarshallGuntersville
54%
MarionHamilton
54%
CleburneHeflin
54%
MarengoLinden
54%
CrenshawLuverne
54%
PerryMarion
54%
MonroeMonroeville
54%
BlountOneonta
54%
CoosaRockford
54%
FranklinRussellville
54%
JacksonScottsboro
54%
MaconTuskegee
54%
BullockUnion Springs
54%
LamarVernon
54%
RandolphWedowee
54%
ElmoreWetumpka
54%
HenryAbbeville
46%
WilcoxCamden
46%
WashingtonChatom
46%
BarbourClayton
46%
GreeneEutaw
46%
______Geneva
46%
LowndesHayneville
46%
ChambersLaFayette
38%

Score Distribution

Percentile by Number Answered

Percent of People with Each Score

Your Score History

You have not taken this quiz